Our rann, your sanctuary : (Record no. 143352)

MARC details
000 -LEADER
fixed length control field 00668nam a22001937a 4500
005 - DATE AND TIME OF LATEST TRANSACTION
control field 20170814143841.0
010 ## - LCCN (DPL NO)
LC control number ENG-119766
020 ## - INTERNATIONAL STANDARD BOOK NUMBER
Terms of availability 650.00
International Standard Book Number 9788190892391
035 ## - SYSTEM CONTROL NUMBER
System control number EN-103298
037 ## - SOURCE OF ACQUISITION
Source of stock number/acquisition DBAD/PUB
082 ## - DEWEY DECIMAL CLASSIFICATION NUMBER
Classification number 333.7095475
100 ## - MAIN ENTRY--PERSONAL NAME
Personal name Phukan,Digvijoy
245 ## - TITLE STATEMENT
Title Our rann, your sanctuary :
Statement of responsibility, etc by Digvijoy Phukan
Remainder of title Agarias of little rann of kachchh Gurjarat /
260 ## - PUBLICATION, DISTRIBUTION, ETC. (IMPRINT)
Place of publication, distribution, etc New Delhi
Name of publisher, distributor, etc AlterNotes Press
Date of publication, distribution, etc 2016
270 ## - ADDRESS
City New Delhi
Address 161/55, Hasrat Mohani Lane, Ghafoor Nagar Road Jamia Nagar,
Postal code 110025
300 ## - PHYSICAL DESCRIPTION
Extent x,164p. :
Dimensions 22cm(Hb)
Other physical details ill.
500 ## - GENERAL NOTE
General note Includes bibligraphical references
942 ## - ADDED ENTRY ELEMENTS (KOHA)
Item type English Books
Classification part 333.7095475
Call number suffix PHU
Source of classification or shelving scheme Library of Congress Classification
Holdings
Withdrawn status Lost status Not for loan Collection code Home library Current library Date acquired Source of acquisition Cost, normal purchase price Full call number Barcode Copy number Cost, replacement price Koha item type
    Not For Loan Non-fiction D.B.Act.Division Bawana 14/08/2017 DBAD/PUB 650.00 333.7095475 PHU EN-103298 1 650.00 English Books

© Delhi Public Library
Hit Counter
free hit counter